Países de Língua Portuguesa - Statistics

Estatísticas Gerais
  • Esse quiz foi jogado 17 958 vezes
  • A pontuação média é 7 de 9
Estatísticas das Respostas
Continente País % Correto
América do Sul Brasil
99%
Europa Portugal
98%
África Angola
94%
África Moçambique
83%
África Cabo Verde
73%
Ásia Timor-Leste
61%
África São Tomé e Príncipe
55%
África Guiné-Bissau
52%
África Guiné Equatorial
46%
Nenhum quiz correspondente encontrado
Distribuição das Pontuações
Porcentagem de Pessoas com Cada Pontuação
Percentil de Números Respondidos
Sua Pontuação Histórica
Você não jogou esse quiz